000 00912nam a2200169 a 4500
008 120416s1983 xx |||||||||||||| || u
050 _aHB 171.5 Mai
100 _aMailer, Roger
245 1 0 _aBusiness economics
_cedited by Vikram S. Pandit
246 _aRoger Maile
260 _c1983
350 _a0.00
995 _aBINDERY (DAMAGED)
_D0.00
_e712549
_FCBU-MAIN LIBRARY (Kitwe)
_H2
_I7.95
_jHB 171.5 Mai
_UDAMAGED
_y018016
_ZMain Library Open Access Collection
995 _aMAIN LIBRARY OPEN ACCESS
_D0.00
_e001548
_FCBU-MAIN LIBRARY (Kitwe)
_H3
_I7.95
_jHB 171.5 Mai
_ULOST
_y001548
_ZMain Library Open Access Collection
995 _aMAIN LIBRARY OPEN ACCESS
_D0.00
_e008164
_FCBU-MAIN LIBRARY (Kitwe)
_H1
_I7.95
_jHB 171.5 Mai
_ULOST
_y008164
_ZMain Library Open Access Collection
995 _aBINDERY (DAMAGED)
_D0.00
_e719288
_FCBU-MAIN LIBRARY (Kitwe)
_H4
_I7.95
_jHB 171.5 Mai
_UDAMAGED
_y018015
_ZMain Library Open Access Collection
999 _c77884
_d77884